| 000 | 00424nam a22001697a 4500 | ||
|---|---|---|---|
| 003 | SGT | ||
| 020 | _a 9780340811979 | ||
| 082 |
_a616.85 _bA06G |
||
| 100 | _aGRAHAM, DAVID I. | ||
| 245 | _aADAMS & GRAHAM'S INTRODUCTION TO NEUROPATOLOGY | ||
| 250 | _a3RD | ||
| 260 |
_aLONDON _bHODDER ARNOLD _c2006 |
||
| 300 | _a455 | ||
| 650 | _aAUDIOLOGY | ||
| 653 | _aADAMS & GRAHAM'S INTRODUCTION TO NEUROPATOLOGY | ||
| 942 |
_2ddc _cBK |
||
| 999 |
_c27200 _d27200 |
||